000 00386nam a22001697a 4500
003 SGT
020 _a9789352709052
082 _a618.92
_bI22K
100 _aKHANDILKAR, VAMAN
245 _aIAP TB. ON PEDIATRIC ENDOCRINOGY
250 _a1ST
260 _aINDIA
_bJAYPEE PUB
_c2022
300 _a627
650 _aPEDIATRICS
653 _a PEDIATRIC ENDOCRINOGY
942 _2ddc
_cBK
999 _c30683
_d30683